Catálogo
 En Linea

Diccionario micénico (DMic.) / (Registro nro. 57383)

Detalles MARC
000 -CABECERA
campo de control de longitud fija 01321nam a2200361 i 4500
003 - IDENTIFICADOR DEL NÚMERO DE CONTROL
campo de control DO-SdBNP
005 - FECHA Y HORA DE LA ÚLTIMA TRANSACCIÓN
campo de control 20240806113659.0
007 - CAMPO FIJO DE DESCRIPCIÓN FÍSICA--INFORMACIÓN GENERAL
campo de control de longitud fija ta
008 - DATOS DE LONGITUD FIJA--INFORMACIÓN GENERAL
campo de control de longitud fija 240806s1999 sp 001 0 spa d
020 ## - NÚMERO INTERNACIONAL ESTÁNDAR DEL LIBRO
Número Internacional Estándar del Libro 8400061292 (obra completa)
020 ## - NÚMERO INTERNACIONAL ESTÁNDAR DEL LIBRO
Número Internacional Estándar del Libro 840006128 (v. 1)
020 ## - NÚMERO INTERNACIONAL ESTÁNDAR DEL LIBRO
Número Internacional Estándar del Libro 8400073274 (v. 2)
040 ## - FUENTE DE LA CATALOGACIÓN
Centro catalogador/agencia de origen DO-SdBNP
Lengua de catalogación spa
Centro/agencia transcriptor BNPHU
Normas de descripción rda
082 ## - NÚMERO DE LA CLASIFICACIÓN DECIMAL DEWEY
Número de documento/Ítem A927
Número de edición 22
100 ## - ENTRADA PRINCIPAL--NOMBRE DE PERSONA
Nombre de persona Aura Jorro, Francisco
9 (RLIN) 67862
Término indicativo de función/relación autor
245 00 - MENCIÓN DE TÍTULO
Título Diccionario micénico (DMic.) /
Mención de responsabilidad, etc. redactado por Francisco Aura Jorro ; dirección Francisco R. Adrados.
264 ## - PRODUCCIÓN, PUBLICACIÓN, DISTRIBUCIÓN, FABRICACIÓN Y COPYRIGHT
Producción, publicación, distribución, fabricación y copyright Madrid, España :
Nombre del de productor, editor, distribuidor, fabricante Consejo Superior de Investigaciones Científicas,
Fecha de producción, publicación, distribución, fabricación o copyright 1999.
300 ## - DESCRIPCIÓN FÍSICA
Extensión volumenes
Dimensiones 24 cm.
336 ## - TIPO DE CONTENIDO
Fuente rdacontent
Término de tipo de contenido texto
Código de tipo de contenido txt
337 ## - TIPO DE MEDIO
Fuente rdamedia
Nombre/término del tipo de medio sin mediación
Código del tipo de medio n
338 ## - TIPO DE SOPORTE
Fuente rdacarrier
Nombre/término del tipo de soporte volumen
Código del tipo de soporte nc
490 1# - MENCIÓN DE SERIE
Mención de serie Diccionario griego-español. Anejo
Designación de volumen o secuencia 1
490 1# - MENCIÓN DE SERIE
Mención de serie Diccionario griego-español. Anejo
Designación de volumen o secuencia 2
500 ## - NOTA GENERAL
Nota general La biblioteca posee los volúmenes 1 y 2.
500 ## - NOTA GENERAL
Nota general 1ra. Reimpresión.
590 ## - NOTA LOCAL (RLIN)
Nota local Inventariado, 2024/ YL
650 #4 - PUNTO DE ACCESO ADICIONAL DE MATERIA--TÉRMINO DE MATERIA
Término de materia o nombre geográfico como elemento de entrada Lengua griega
Subdivisión general Dialectos
9 (RLIN) 86228
Subdivisión geográfica Micenas
650 #4 - PUNTO DE ACCESO ADICIONAL DE MATERIA--TÉRMINO DE MATERIA
Término de materia o nombre geográfico como elemento de entrada Lengua griega
Subdivisión de forma Diccionarios-
Subdivisión general Español
9 (RLIN) 86228
700 #1 - PUNTO DE ACCESO ADICIONAL--NOMBRE DE PERSONA
Nombre de persona Adrados, Francisco Rodríguez,
Fechas asociadas al nombre 1922-2020
9 (RLIN) 25545
Término indicativo de función/relación dirección
700 #1 - PUNTO DE ACCESO ADICIONAL--NOMBRE DE PERSONA
Nombre de persona Gangutia Elícegui, Elvira
Fechas asociadas al nombre 1937-
9 (RLIN) 86229
910 ## - DATOS DE OPCIÓN DEL USUARIO (OCLC)
Datos de opción del usuario Ylockward
942 ## - ELEMENTOS DE PUNTO DE ACCESO ADICIONAL (KOHA)
Fuente del sistema de clasificación o colocación Dewey Decimal Classification
Tipo de ítem Koha Libro
Existencias
Estado de retiro Estado de pérdida Fuente del sistema de clasificación o colocación Restricciones de uso No para préstamo Código de colección Localización permanente Ubicación/localización actual Ubicación en estantería Fecha de adquisición Fuente de adquisición Total de préstamos Signatura topográfica completa Código de barras Fecha visto por última vez Número de copia Precio válido a partir de Tipo de ítem Koha
    Dewey Decimal Classification Préstamo en sala   Referencia General Biblioteca Nacional Pedro Henríquez Ureña Biblioteca Nacional Pedro Henríquez Ureña En catalogación 01.08.2008 Donación   BNPHU GR A927 2024-4696 06.08.2024 v. 1 06.08.2024 Libro
    Dewey Decimal Classification Préstamo en sala   Referencia General Biblioteca Nacional Pedro Henríquez Ureña Biblioteca Nacional Pedro Henríquez Ureña En catalogación 01.08.2008 Donación   BNPHU GR A927 2024-4697 06.08.2024 v. 2 06.08.2024 Libro

Con tecnología Koha